| 000 | 00808nam a2200241 a 4500 | ||
|---|---|---|---|
| 005 | 20140310183314.0 | ||
| 008 | 051011s19uu xx 00 eng d | ||
| 020 | _a0205435238 | ||
| 050 |
_aLC 4031 _b.D47 2005 |
||
| 100 | _aDettmer, Peggy | ||
| 245 |
_aConsultation, collaboration, and teamwork for students with special needs / _cPeggy Dettmer, Linda P. Thurston, Norma Dyck. |
||
| 250 | _a5th ed. | ||
| 260 |
_aBoston, MA : _bPearson Education Inc, _c2005. |
||
| 300 |
_axvii, 414 p. : _bill. ; _c24 cm. |
||
| 521 | _aEDU | ||
| 650 |
_aChildren with disabilities _xEducation _xUnited States. |
||
| 650 |
_aEducational consultants _xUnited States. |
||
| 650 |
_aTeaching teams _xUnited States. |
||
| 700 | _aThurston, Linda P. | ||
| 700 | _aDyck, Norma | ||
| 942 |
_cBK _2lcc _kFOR |
||
| 999 |
_c21250 _d21250 |
||